01249nam a2200265 a 4500001001000000003000900010005001700019007000300036008004100039040002500080049000900105082000700114245024600121260004400367300002000411490006900431490001800500830007300518830002500591942001400616952011100630952012000741952010500861999001700966000028727DO-SdBNP20250924073802.0ta110411s1986 dr 000 0 spa d aDO-SdBNPbspacBNPHU aBNPD 422200aDiscurso pronunciado por el señor Ismael Paniagua, director de la editora universitaria de la universidad Autonóma de Santo Domingo, con motivo de la celebración del 2do. aniversario de la aplicación de la nueva politíca editorial. aSanto Domingo, :bUniversitaria,c1986. a16 p. ;c21 cm.1 aPublicaciones de la Universidad Autónoma de Santo Domingov4951 aDiscursosv11 aPublicaciones de la Universidad Autónoma de Santo Domingov495952 0aDiscursosv11912120 2ddccLBS1 0010718PDaGRbGRcCTd2011-06-08iLF1l0o p28727-20r2020-06-25te. 2w2020-06-25yLFPDZNo se presta 001154708DSaGRbGRcMId2011-06-08iLF1l0o p28727-30r2020-06-25te. 3w2020-06-25yLFDSZPréstamo en sala 0010718PDaPDbPDcCTd2011-04-11iLF1l0o p28727-10r2020-06-25w2020-06-25yLFPDZNo se presta c28219d28219